[Event "Deutsche Ländermeisterschaft 2025"]
[Site "Oer-Erkenschwick GER"]
[Date "2025.10.03"]
[Round "5"]
[White "Kopylov, Diana"]
[Black "Gröschel, Karoline"]
[Result "1-0"]
[Termination "normal"]
[Board "3.6"]
[WhiteElo "1836"]
[BlackElo "1984"]
[WhiteClock "00:03:55"]
[BlackClock "00:02:11"]
[WhiteTeam "Schleswig-Holstein"]
[BlackTeam "Rheinland-Pfalz"]
[PlyCount "67"]
[WhiteFideId "16268865"]
[BlackFideId "34610537"]
[EventCountry "GER"]
[EventRounds "7"]
[EventType "team-swiss"]
[EventDate "2025.09.30"]

1. e4 {[%clk 01:30:47]} {[%emt 00:00:13]} c5 {[%clk 01:30:45]} {[%emt
00:00:15]} 2. Nf3 {[%clk 01:31:11]} {[%emt 00:00:06]} e6 {[%clk 01:30:46]}
{[%emt 00:00:29]} 3. d4 {[%clk 01:31:31]} {[%emt 00:00:10]} cxd4 {[%clk
01:31:13]} {[%emt 00:00:03]} 4. Nxd4 {[%clk 01:31:55]} {[%emt 00:00:06]} a6
{[%clk 01:31:22]} {[%emt 00:00:20]} 5. Bd3 {[%clk 01:32:19]} {[%emt 00:00:06]}
Nf6 {[%clk 01:30:51]} {[%emt 00:01:02]} 6. c4 {[%clk 01:27:32]} {[%emt
00:05:17]} Qc7 {[%clk 01:13:40]} {[%emt 00:17:41]} 7. Nc3 {[%clk 01:24:21]}
{[%emt 00:03:41]} g6 {[%clk 01:10:04]} {[%emt 00:04:06]} 8. O-O {[%clk
01:22:48]} {[%emt 00:02:03]} Bg7 {[%clk 01:10:28]} {[%emt 00:00:06]} 9. Be3
{[%clk 01:19:25]} {[%emt 00:03:53]} d6 {[%clk 01:05:05]} {[%emt 00:05:54]} 10.
f4 {[%clk 01:14:23]} {[%emt 00:05:32]} O-O {[%clk 01:01:46]} {[%emt 00:03:49]}
11. f5 {[%clk 01:05:18]} {[%emt 00:09:36]} Nc6 {[%clk 00:48:31]} {[%emt
00:13:44]} 12. Nxc6 {[%clk 00:59:27]} {[%emt 00:06:21]} bxc6 {[%clk 00:47:52]}
{[%emt 00:01:09]} 13. Rc1 {[%clk 00:52:26]} {[%emt 00:07:31]} Qb8 {[%clk
00:21:19]} {[%emt 00:27:03]} 14. Rc2 {[%clk 00:47:20]} {[%emt 00:05:36]} d5
{[%clk 00:20:21]} {[%emt 00:01:28]} 15. g4 {[%clk 00:34:10]} {[%emt 00:13:40]}
d4 {[%clk 00:06:37]} {[%emt 00:14:14]} 16. Bxd4 {[%clk 00:30:11]} {[%emt
00:04:29]} Rd8 {[%clk 00:05:12]} {[%emt 00:01:55]} 17. g5 {[%clk 00:17:05]}
{[%emt 00:13:37]} Ng4 {[%clk 00:03:11]} {[%emt 00:02:31]} 18. Bxg7 {[%clk
00:11:30]} {[%emt 00:06:04]} Qa7+ {[%clk 00:03:10]} {[%emt 00:00:28]} 19. Kh1
{[%clk 00:10:46]} {[%emt 00:01:18]} Ne3 {[%clk 00:03:25]} {[%emt 00:00:15]} 20.
Qf3 {[%clk 00:07:35]} {[%emt 00:03:41]} Kxg7 {[%clk 00:03:11]} {[%emt
00:00:44]} 21. fxg6 {[%clk 00:06:19]} {[%emt 00:01:46]} Nxf1 {[%clk 00:01:15]}
{[%emt 00:02:25]} 22. Qf6+ {[%clk 00:05:44]} {[%emt 00:01:05]} Kg8 {[%clk
00:01:31]} {[%emt 00:00:15]} 23. Qxd8+ {[%clk 00:05:51]} {[%emt 00:00:23]} Kg7
{[%clk 00:01:57]} {[%emt 00:00:04]} 24. Qf6+ {[%clk 00:06:11]} {[%emt
00:00:10]} Kg8 {[%clk 00:02:22]} {[%emt 00:00:05]} 25. gxh7+ {[%clk 00:05:59]}
{[%emt 00:00:42]} Kxh7 {[%clk 00:02:45]} {[%emt 00:00:07]} 26. e5+ {[%clk
00:06:17]} {[%emt 00:00:13]} Kg8 {[%clk 00:03:00]} {[%emt 00:00:14]} 27. Bxf1
{[%clk 00:04:44]} {[%emt 00:02:03]} c5 {[%clk 00:02:51]} {[%emt 00:00:38]} 28.
Rf2 {[%clk 00:04:29]} {[%emt 00:00:45]} Bb7+ {[%clk 00:03:03]} {[%emt
00:00:18]} 29. Kg1 {[%clk 00:04:40]} {[%emt 00:00:19]} Bc6 {[%clk 00:02:42]}
{[%emt 00:00:51]} 30. g6 {[%clk 00:04:16]} {[%emt 00:00:53]} fxg6 {[%clk
00:01:22]} {[%emt 00:01:50]} 31. Qxe6+ {[%clk 00:04:02]} {[%emt 00:00:44]} Kh8
{[%clk 00:01:41]} {[%emt 00:00:10]} 32. Rf7 {[%clk 00:03:22]} {[%emt 00:01:11]}
Qb6 {[%clk 00:01:46]} {[%emt 00:00:25]} 33. Qf6+ {[%clk 00:03:31]} {[%emt
00:00:21]} Kg8 {[%clk 00:02:11]} {[%emt 00:00:05]} 34. Qg7# {[%clk 00:03:55]}
{[%emt 00:00:06]} 1-0

[Event "Deutsche Ländermeisterschaft 2025"]
[Site "Oer-Erkenschwick GER"]
[Date "2025.10.03"]
[Round "5"]
[White "Steinbrenner, Peter"]
[Black "Margaryan, Susanna"]
[Result "1-0"]
[Termination "normal"]
[Board "3.7"]
[WhiteElo "2007"]
[BlackElo "1750"]
[WhiteClock "00:30:58"]
[BlackClock "00:40:30"]
[WhiteTeam "Rheinland-Pfalz"]
[BlackTeam "Schleswig-Holstein"]
[PlyCount "69"]
[WhiteFideId "34645535"]
[BlackFideId "16268210"]
[EventCountry "GER"]
[EventRounds "7"]
[EventType "team-swiss"]
[EventDate "2025.09.30"]

1. b4 {[%clk 01:30:57]} {[%emt 00:00:02]} e5 {[%clk 01:30:52]} {[%emt
00:00:08]} 2. Bb2 {[%clk 01:31:22]} {[%emt 00:00:05]} Bxb4 {[%clk 01:31:14]}
{[%emt 00:00:08]} 3. Bxe5 {[%clk 01:31:46]} {[%emt 00:00:06]} Nf6 {[%clk
01:31:38]} {[%emt 00:00:07]} 4. c3 {[%clk 01:32:12]} {[%emt 00:00:03]} Ba5
{[%clk 01:31:33]} {[%emt 00:00:36]} 5. e3 {[%clk 01:32:22]} {[%emt 00:00:20]}
Nc6 {[%clk 01:31:32]} {[%emt 00:00:31]} 6. Bxf6 {[%clk 01:32:22]} {[%emt
00:00:30]} Qxf6 {[%clk 01:31:15]} {[%emt 00:00:47]} 7. d4 {[%clk 01:31:51]}
{[%emt 00:01:01]} O-O {[%clk 01:29:45]} {[%emt 00:02:00]} 8. Bd3 {[%clk
01:32:03]} {[%emt 00:00:18]} d5 {[%clk 01:28:10]} {[%emt 00:02:05]} 9. Ne2
{[%clk 01:31:56]} {[%emt 00:00:37]} Ne7 {[%clk 01:23:05]} {[%emt 00:05:36]} 10.
Nd2 {[%clk 01:29:59]} {[%emt 00:02:27]} c6 {[%clk 01:21:06]} {[%emt 00:02:29]}
11. e4 {[%clk 01:22:21]} {[%emt 00:08:08]} Qg6 {[%clk 01:13:43]} {[%emt
00:07:53]} 12. Qc2 {[%clk 01:17:09]} {[%emt 00:05:41]} dxe4 {[%clk 01:10:36]}
{[%emt 00:03:38]} 13. Nxe4 {[%clk 01:16:12]} {[%emt 00:01:27]} f5 {[%clk
01:08:58]} {[%emt 00:02:08]} 14. Nd2 {[%clk 01:08:42]} {[%emt 00:08:00]} Nd5
{[%clk 01:06:02]} {[%emt 00:03:27]} 15. Qb3 {[%clk 00:57:26]} {[%emt 00:11:46]}
Kh8 {[%clk 01:04:37]} {[%emt 00:01:55]} 16. Qa3 {[%clk 00:55:40]} {[%emt
00:02:16]} Be6 {[%clk 01:00:05]} {[%emt 00:05:01]} 17. Qxa5 {[%clk 00:56:00]}
{[%emt 00:00:10]} b6 {[%clk 00:59:26]} {[%emt 00:01:10]} 18. Qa3 {[%clk
00:55:47]} {[%emt 00:00:42]} Qxg2 {[%clk 00:57:09]} {[%emt 00:02:47]} 19. Rg1
{[%clk 00:55:33]} {[%emt 00:00:44]} Qh3 {[%clk 00:54:02]} {[%emt 00:03:38]} 20.
Bc2 {[%clk 00:52:13]} {[%emt 00:03:49]} f4 {[%clk 00:53:23]} {[%emt 00:01:09]}
21. O-O-O {[%clk 00:48:36]} {[%emt 00:04:08]} f3 {[%clk 00:52:10]} {[%emt
00:01:43]} 22. Ng3 {[%clk 00:48:40]} {[%emt 00:00:26]} Bg4 {[%clk 00:50:41]}
{[%emt 00:01:59]} 23. Be4 {[%clk 00:43:28]} {[%emt 00:05:42]} a5 {[%clk
00:47:20]} {[%emt 00:03:52]} 24. Qb3 {[%clk 00:32:37]} {[%emt 00:11:20]} a4
{[%clk 00:47:18]} {[%emt 00:00:32]} 25. Qc2 {[%clk 00:32:37]} {[%emt 00:00:30]}
b5 {[%clk 00:46:47]} {[%emt 00:01:01]} 26. a3 {[%clk 00:32:13]} {[%emt
00:00:54]} Qh4 {[%clk 00:46:07]} {[%emt 00:01:10]} 27. Bxd5 {[%clk 00:31:45]}
{[%emt 00:00:58]} cxd5 {[%clk 00:46:23]} {[%emt 00:00:14]} 28. Rde1 {[%clk
00:31:14]} {[%emt 00:01:01]} h6 {[%clk 00:45:59]} {[%emt 00:00:54]} 29. Qg6
{[%clk 00:29:56]} {[%emt 00:01:48]} Rf6 {[%clk 00:44:39]} {[%emt 00:01:50]} 30.
Nf5 {[%clk 00:29:07]} {[%emt 00:01:19]} Rxg6 {[%clk 00:40:01]} {[%emt
00:05:09]} 31. Nxh4 {[%clk 00:29:29]} {[%emt 00:00:07]} Rg5 {[%clk 00:40:23]}
{[%emt 00:00:09]} 32. Nhxf3 {[%clk 00:29:51]} {[%emt 00:00:08]} Bxf3 {[%clk
00:40:20]} {[%emt 00:00:32]} 33. Rxg5 {[%clk 00:30:14]} {[%emt 00:00:07]} hxg5
{[%clk 00:40:35]} {[%emt 00:00:15]} 34. Nxf3 {[%clk 00:30:40]} {[%emt
00:00:04]} Rc8 {[%clk 00:40:30]} {[%emt 00:00:36]} 35. Kb2 {[%clk 00:30:58]}
{[%emt 00:00:12]} 1-0

[Event "Deutsche Ländermeisterschaft 2025"]
[Site "Oer-Erkenschwick GER"]
[Date "2025.10.03"]
[Round "5"]
[White "Vasilieva, Sophie Victoria"]
[Black "Frydel, Helena"]
[Result "0-1"]
[Termination "normal"]
[Board "3.8"]
[WhiteElo "1488"]
[BlackElo "1549"]
[WhiteClock "00:16:26"]
[BlackClock "00:21:57"]
[WhiteTeam "Schleswig-Holstein"]
[BlackTeam "Rheinland-Pfalz"]
[PlyCount "92"]
[WhiteFideId "533007071"]
[BlackFideId "16266536"]
[EventCountry "GER"]
[EventRounds "7"]
[EventType "team-swiss"]
[EventDate "2025.09.30"]

1. d4 {[%clk 01:30:55]} {[%emt 00:00:05]} d5 {[%clk 01:30:54]} {[%emt
00:00:07]} 2. c4 {[%clk 01:31:13]} {[%emt 00:00:11]} c6 {[%clk 01:31:21]}
{[%emt 00:00:04]} 3. g3 {[%clk 01:30:32]} {[%emt 00:01:11]} Nf6 {[%clk
01:30:43]} {[%emt 00:01:07]} 4. Bg2 {[%clk 01:30:31]} {[%emt 00:00:32]} Bf5
{[%clk 01:27:30]} {[%emt 00:03:44]} 5. Nc3 {[%clk 01:28:18]} {[%emt 00:02:42]}
e6 {[%clk 01:26:27]} {[%emt 00:01:33]} 6. cxd5 {[%clk 01:27:54]} {[%emt
00:00:53]} exd5 {[%clk 01:23:37]} {[%emt 00:03:20]} 7. Nf3 {[%clk 01:26:17]}
{[%emt 00:02:07]} h6 {[%clk 01:19:34]} {[%emt 00:04:34]} 8. O-O {[%clk
01:25:57]} {[%emt 00:00:49]} Bd6 {[%clk 01:16:43]} {[%emt 00:03:22]} 9. Re1
{[%clk 01:18:02]} {[%emt 00:08:24]} O-O {[%clk 01:16:04]} {[%emt 00:01:10]} 10.
a3 {[%clk 01:13:35]} {[%emt 00:04:56]} a5 {[%clk 01:13:33]} {[%emt 00:03:01]}
11. Bd2 {[%clk 01:04:55]} {[%emt 00:09:09]} Nbd7 {[%clk 01:12:10]} {[%emt
00:01:53]} 12. Qb3 {[%clk 00:59:42]} {[%emt 00:05:42]} Qb8 {[%clk 01:03:35]}
{[%emt 00:09:07]} 13. Rac1 {[%clk 00:55:18]} {[%emt 00:04:49]} Re8 {[%clk
01:00:27]} {[%emt 00:03:42]} 14. Na4 {[%clk 00:53:34]} {[%emt 00:02:13]} Qc7
{[%clk 00:48:40]} {[%emt 00:12:18]} 15. Qa2 {[%clk 00:48:14]} {[%emt 00:05:49]}
Ne4 {[%clk 00:44:11]} {[%emt 00:04:59]} 16. Red1 {[%clk 00:40:41]} {[%emt
00:08:00]} b5 {[%clk 00:42:38]} {[%emt 00:02:07]} 17. Nc3 {[%clk 00:38:25]}
{[%emt 00:02:45]} Nxc3 {[%clk 00:42:07]} {[%emt 00:01:01]} 18. Rxc3 {[%clk
00:33:58]} {[%emt 00:04:56]} Rxe2 {[%clk 00:40:43]} {[%emt 00:01:55]} 19. Nh4
{[%clk 00:33:46]} {[%emt 00:00:42]} Bh7 {[%clk 00:38:41]} {[%emt 00:02:33]} 20.
Bxd5 {[%clk 00:33:22]} {[%emt 00:00:54]} Nb8 {[%clk 00:34:23]} {[%emt
00:04:48]} 21. Bf3 {[%clk 00:30:02]} {[%emt 00:03:44]} Re8 {[%clk 00:31:36]}
{[%emt 00:03:24]} 22. Rdc1 {[%clk 00:24:03]} {[%emt 00:06:28]} Ra6 {[%clk
00:27:57]} {[%emt 00:04:09]} 23. Re1 {[%clk 00:19:09]} {[%emt 00:05:22]} Rxe1+
{[%clk 00:26:10]} {[%emt 00:02:20]} 24. Bxe1 {[%clk 00:18:39]} {[%emt
00:00:59]} Qe7 {[%clk 00:22:06]} {[%emt 00:04:34]} 25. Bd2 {[%clk 00:17:20]}
{[%emt 00:01:48]} b4 {[%clk 00:17:50]} {[%emt 00:04:46]} 26. Re3 {[%clk
00:16:22]} {[%emt 00:01:24]} Qf8 {[%clk 00:16:51]} {[%emt 00:01:34]} 27. axb4
{[%clk 00:16:05]} {[%emt 00:00:45]} axb4 {[%clk 00:16:51]} {[%emt 00:00:31]}
28. Qc4 {[%clk 00:16:07]} {[%emt 00:00:26]} Ra1+ {[%clk 00:11:03]} {[%emt
00:06:19]} 29. Re1 {[%clk 00:14:33]} {[%emt 00:02:04]} Rxe1+ {[%clk 00:09:29]}
{[%emt 00:02:05]} 30. Bxe1 {[%clk 00:14:52]} {[%emt 00:00:10]} c5 {[%clk
00:08:26]} {[%emt 00:01:33]} 31. dxc5 {[%clk 00:13:46]} {[%emt 00:01:36]} Bxc5
{[%clk 00:07:57]} {[%emt 00:01:00]} 32. b3 {[%clk 00:12:46]} {[%emt 00:01:29]}
Qe7 {[%clk 00:07:20]} {[%emt 00:01:03]} 33. Bd2 {[%clk 00:11:32]} {[%emt
00:01:48]} Qa7 {[%clk 00:06:40]} {[%emt 00:01:11]} 34. Qe2 {[%clk 00:09:57]}
{[%emt 00:01:47]} g5 {[%clk 00:06:35]} {[%emt 00:00:54]} 35. Ng2 {[%clk
00:08:01]} {[%emt 00:02:26]} Kg7 {[%clk 00:05:23]} {[%emt 00:01:41]} 36. Qe5+
{[%clk 00:07:03]} {[%emt 00:01:28]} f6 {[%clk 00:05:11]} {[%emt 00:00:43]} 37.
Qe2 {[%clk 00:07:03]} {[%emt 00:00:25]} Bg8 {[%clk 00:04:04]} {[%emt 00:01:41]}
38. Qe1 {[%clk 00:06:33]} {[%emt 00:01:00]} Qb6 {[%clk 00:03:06]} {[%emt
00:01:29]} 39. Bd1 {[%clk 00:06:28]} {[%emt 00:00:30]} Nc6 {[%clk 00:02:33]}
{[%emt 00:01:06]} 40. Ne3 {[%clk 00:04:53]} {[%emt 00:02:05]} Nd4 {[%clk
00:02:02]} {[%emt 00:00:58]} 41. Nc4 {[%clk 00:04:24]} {[%emt 00:01:01]} Bxc4
{[%emt 00:01:59]} 42. bxc4 {[%clk 00:03:24]} {[%emt 00:01:28]} b3 {[%clk
00:30:23]} {[%emt 00:00:43]} 43. Bc3 {[%clk 00:19:56]} {[%emt 00:13:57]} b2
{[%clk 00:26:41]} {[%emt 00:04:12]} 44. Bxb2 {[%clk 00:18:44]} {[%emt
00:01:42]} Qxb2 {[%clk 00:26:35]} {[%emt 00:00:36]} 45. Qf1 {[%clk 00:16:30]}
{[%emt 00:02:41]} Qb1 {[%clk 00:23:47]} {[%emt 00:03:19]} 46. Kg2 {[%clk
00:16:26]} {[%emt 00:00:36]} f5 {[%clk 00:21:57]} {[%emt 00:02:21]} 0-1

[Event "Deutsche Ländermeisterschaft 2025"]
[Site "Oer-Erkenschwick GER"]
[Date "2025.10.03"]
[Round "5"]
[White "Sydykov, Bayastan"]
[Black "Vortmeier, Jan"]
[Result "1-0"]
[Termination "normal"]
[Board "4.1"]
[WhiteTitle "FM"]
[WhiteElo "2357"]
[BlackElo "2196"]
[WhiteClock "00:05:17"]
[BlackClock "00:00:50"]
[WhiteTeam "Baden"]
[BlackTeam "Nordrhein-Westfalen 2"]
[PlyCount "81"]
[WhiteFideId "13829610"]
[BlackFideId "16261321"]
[EventCountry "GER"]
[EventRounds "7"]
[EventType "team-swiss"]
[EventDate "2025.09.30"]

1. e4 {[%clk 01:30:55]} {[%emt 00:00:04]} e5 {[%clk 01:30:52]} {[%emt
00:00:08]} 2. Nf3 {[%clk 01:31:21]} {[%emt 00:00:04]} Nc6 {[%clk 01:31:17]}
{[%emt 00:00:04]} 3. Bb5 {[%clk 01:31:34]} {[%emt 00:00:18]} a6 {[%clk
01:31:40]} {[%emt 00:00:06]} 4. Ba4 {[%clk 01:32:00]} {[%emt 00:00:05]} Nf6
{[%clk 01:31:51]} {[%emt 00:00:19]} 5. O-O {[%clk 01:32:22]} {[%emt 00:00:08]}
d6 {[%clk 01:32:10]} {[%emt 00:00:10]} 6. c3 {[%clk 01:32:24]} {[%emt
00:00:29]} Bd7 {[%clk 01:31:32]} {[%emt 00:01:08]} 7. d4 {[%clk 01:30:05]}
{[%emt 00:02:50]} g6 {[%clk 01:18:27]} {[%emt 00:13:34]} 8. Bxc6 {[%clk
01:18:07]} {[%emt 00:12:29]} Bxc6 {[%clk 01:18:49]} {[%emt 00:00:07]} 9. dxe5
{[%clk 01:18:32]} {[%emt 00:00:05]} Nxe4 {[%clk 01:09:18]} {[%emt 00:10:01]}
10. Re1 {[%clk 01:13:59]} {[%emt 00:05:04]} Bg7 {[%clk 01:09:37]} {[%emt
00:00:11]} 11. Qc2 {[%clk 00:57:33]} {[%emt 00:16:56]} dxe5 {[%clk 01:04:27]}
{[%emt 00:05:39]} 12. Rxe4 {[%clk 00:56:44]} {[%emt 00:01:19]} Bxe4 {[%clk
01:04:49]} {[%emt 00:00:07]} 13. Qxe4 {[%clk 00:57:13]} {[%emt 00:00:02]} Qd1+
{[%clk 01:04:47]} {[%emt 00:00:32]} 14. Qe1 {[%clk 00:57:42]} {[%emt 00:00:02]}
O-O-O {[%clk 01:02:46]} {[%emt 00:02:29]} 15. Na3 {[%clk 00:53:23]} {[%emt
00:04:50]} Qxe1+ {[%clk 00:57:25]} {[%emt 00:05:51]} 16. Nxe1 {[%clk 00:53:50]}
{[%emt 00:00:03]} Rd1 {[%clk 00:57:40]} {[%emt 00:00:14]} 17. Nac2 {[%clk
00:54:09]} {[%emt 00:00:12]} Rhd8 {[%clk 00:56:16]} {[%emt 00:01:54]} 18. Kf1
{[%clk 00:49:23]} {[%emt 00:05:17]} h6 {[%clk 00:48:55]} {[%emt 00:07:51]} 19.
Ke2 {[%clk 00:45:35]} {[%emt 00:04:18]} f5 {[%clk 00:46:37]} {[%emt 00:02:48]}
20. g3 {[%clk 00:42:02]} {[%emt 00:04:04]} R1d6 {[%clk 00:40:52]} {[%emt
00:06:14]} 21. h4 {[%clk 00:40:19]} {[%emt 00:02:14]} Kd7 {[%clk 00:36:01]}
{[%emt 00:05:20]} 22. Be3 {[%clk 00:38:07]} {[%emt 00:02:43]} b6 {[%clk
00:34:25]} {[%emt 00:02:05]} 23. a4 {[%clk 00:37:26]} {[%emt 00:01:12]} Kc6
{[%clk 00:22:29]} {[%emt 00:12:25]} 24. a5 {[%clk 00:33:55]} {[%emt 00:04:02]}
Kb7 {[%clk 00:22:22]} {[%emt 00:00:36]} 25. Nb4 {[%clk 00:31:15]} {[%emt
00:03:11]} Ra8 {[%clk 00:16:22]} {[%emt 00:06:29]} 26. Nf3 {[%clk 00:30:01]}
{[%emt 00:01:45]} Re6 {[%clk 00:11:44]} {[%emt 00:05:08]} 27. axb6 {[%clk
00:18:37]} {[%emt 00:11:55]} f4 {[%clk 00:08:08]} {[%emt 00:04:05]} 28. Bc1
{[%clk 00:18:13]} {[%emt 00:00:53]} fxg3 {[%clk 00:06:12]} {[%emt 00:02:26]}
29. fxg3 {[%clk 00:18:28]} {[%emt 00:00:16]} cxb6 {[%clk 00:06:22]} {[%emt
00:00:20]} 30. Be3 {[%clk 00:16:30]} {[%emt 00:02:29]} a5 {[%clk 00:04:47]}
{[%emt 00:02:04]} 31. Nc2 {[%clk 00:16:13]} {[%emt 00:00:47]} Rd8 {[%clk
00:03:45]} {[%emt 00:01:31]} 32. Nd2 {[%clk 00:14:58]} {[%emt 00:01:47]} Rc6
{[%clk 00:03:43]} {[%emt 00:00:31]} 33. Na3 {[%clk 00:14:13]} {[%emt 00:01:16]}
Rd5 {[%clk 00:02:04]} {[%emt 00:02:09]} 34. Ne4 {[%clk 00:13:36]} {[%emt
00:01:07]} b5 {[%clk 00:01:48]} {[%emt 00:00:45]} 35. Rf1 {[%clk 00:13:50]}
{[%emt 00:00:16]} Rc7 {[%clk 00:01:59]} {[%emt 00:00:18]} 36. b3 {[%clk
00:12:15]} {[%emt 00:02:06]} Kc6 {[%clk 00:00:33]} {[%emt 00:01:56]} 37. c4
{[%clk 00:07:17]} {[%emt 00:05:28]} bxc4 {[%clk 00:00:56]} {[%emt 00:00:07]}
38. Nxc4 {[%clk 00:04:27]} {[%emt 00:03:20]} Rb7 {[%clk 00:00:34]} {[%emt
00:00:52]} 39. Rc1 {[%clk 00:04:28]} {[%emt 00:00:29]} Kd7 {[%clk 00:00:31]}
{[%emt 00:00:32]} 40. Nb6+ {[%clk 00:04:51]} {[%emt 00:00:08]} Rxb6 {[%clk
00:00:50]} {[%emt 00:00:11]} 41. Bxb6 {[%clk 00:05:17]} {[%emt 00:00:04]} 1-0